| 000 | 01497nam0a22003611 4500 | ||
|---|---|---|---|
| 001 | v19\rc\1626639 | ||
| 005 | 20061002122128.1 | ||
| 035 | _a(NLR Aleph) 004838223 | ||
| 090 |
_a4793969 _c4793969 |
||
| 100 | _a20061002d1899 |||y0rusy50 ca | ||
| 101 | 1 |
_arus _cfre |
|
| 102 | _aRU | ||
| 105 | _aa z |||h| | ||
| 200 | 1 |
_aГигиена голоса для певиц, певцов, ораторов и разговорной речи _fПер. с фр. [и предисл.] д-ра В.К. Панченко _g!Dr. A. Castex. Hygiène de la voix parlée et chantée |
|
| 210 |
_aСанкт-Петербург _cВ.И. Губинский _d1899 |
||
| 215 |
_a166, [2], IV с. _cил. _d19 |
||
| 300 | _aПеред загл. авт. - D-r A. Castex (б. прозектор и ассист. Клиники Мед. фак. в Париже) | ||
| 320 | _aБиблиогр. в примеч. | ||
| 454 | 0 |
_12001#$aHygiène de la voix parlée et chantée _1700#1$aCastex$bA. |
|
| 700 | 1 |
_6z01790 _aКастекс _bА. _f1851- _gАндре |
|
| 702 | 1 |
_aПанченко _bВ. К. _f1850- _gВладимир Кириллович _4730 _4080 |
|
| 790 | 1 |
_6z01700 _aКастекс _bА. _f1851- _gАндрэ |
|
| 801 | 0 |
_aRU _bNLR _gpsbo |
|
| 801 | 0 |
_aRU _bRuMoRGB _2psbo |
|
| 801 | 1 |
_aRU _bProSoft-M _2rusmarc |
|
| 852 |
_aNLR _j129/2167 |
||
| 852 |
_aNLR _j20.92.3.30 |
||
| 899 |
_aRuMoRGB _jD 26/16 |
||
| 899 |
_aRuMoRGB _jU 441/53 |
||
| 899 | _aБАН | ||
| 899 | _aНБ СПбГУ | ||
| 942 | _cBOOK | ||
| 980 | _aNB | ||